[Event "GEISON vs ZOMBIE"]
[Site "http://www.queenalice.com/game.php?id=1499950"]
[Date "2017.10.22"]
[Round "-"]
[White "JOSETEZOMBIE"]
[Black "Geison"]
[Result "1-0"]
[WhiteElo "1500"]
[BlackElo "2114"]

1. e4 d5 2. exd5 Qxd5 3. Nc3 Qe5+ 4. Be2 b6 5. d4 Qg5 6. Bxg5 Bb7 7. Bf3 c6 8.
d5 f6 9. Bf4 c5 10. Nb5 Na6 11. d6 Bxf3 12. Qxf3 Rb8 13. d7+ Kxd7 14. Qd5+ Ke8
15. O-O-O g5 16. Qe6 gxf4 17. Rd7 Rd8 18. Nd6# 1-0

[Event "Challenge"]
[Site "http://www.queenalice.com/game.php?id=1504231"]
[Date "2017.11.18"]
[Round "-"]
[White "fjalves"]
[Black "Geison"]
[Result "0-1"]
[WhiteElo "1724"]
[BlackElo "2115"]

1. e4 d5 2. Bd3 Nf6 3. e5 Ne4 4. Nc3 Nxc3 5. dxc3 d4 6. c4 Nc6 7. Nf3 Bg4 8. Bf4
e6 9. O-O Be7 10. h3 Bh5 11. b3 O-O 12. Qe2 Bh4 13. g3 Be7 14. g4 Bg6 15. Bxg6
fxg6 16. Qd2 Bc5 17. Bg5 Qd7 18. Nh4 Nxe5 19. Rae1 Qd6 20. f4 d3+ 21. Kh2 Nf7
22. Nf3 Bb4 23. c3 Ba3 24. b4 a5 25. Re3 Nxg5 26. Nxg5 Rxf4 27. Kg1 Rxf1+ 28.
Kxf1 Rf8+ 29. Ke1 axb4 30. Qxd3 bxc3 31. Qxd6 cxd6 32. Nxe6 c2 33. Rc3 Bb4 34.
Kd2 Rf2+ 35. Kc1 Bxc3 36. Nd8 Bb4 37. Nxb7 Ba3# 0-1

[Event "Challenge"]
[Site "http://www.queenalice.com/game.php?id=1518558"]
[Date "2018.3.6"]
[Round "-"]
[White "fjalves"]
[Black "Geison"]
[Result "1-0"]
[WhiteElo "1743"]
[BlackElo "2116"]

1. e4 e5 2. Nf3 Nc6 3. Bc4 Bc5 4. Nc3 Nf6 5. d3 Ng4 6. O-O d6 7. Nd5 O-O 8. c3
a6 9. h3 Nf6 10. Bg5 Na5 11. Bxf6 gxf6 12. Nh4 b5 13. Nf5 Bxf5 14. exf5 bxc4 15.
Qg4+ Kh8 16. Qh4 Rg8 17. Nxf6 Rg7 18. dxc4 Nc6 19. Rad1 Ne7 20. Nh5 Rg8 21. Qf6+
1-0

[Event "AUTO-MASTER-2602"]
[Site "http://www.queenalice.com/game.php?id=1521297"]
[Date "2018.3.26"]
[Round "2"]
[White "CCapivara"]
[Black "Geison"]
[Result "1-0"]
[WhiteElo "2247"]
[BlackElo "2114"]

1. e4 e5 2. f4 exf4 3. Nf3 d6 4. Bc4 Qe7 5. O-O Nf6 6. d3 Nh5 7. Nc3 Bg4 8. Nd5
Qd7 9. Nxf4 Nxf4 10. Bxf4 Nc6 11. Kh1 Nd4 12. c3 Bxf3 13. gxf3 Ne6 14. Be3 Be7
15. Rg1 O-O 16. Bh6 Bf6 17. f4 Qc6 18. f5 Nc5 19. Bxg7 Rfd8 20. Bxf6+ Kf8 21.
Rg8+ Kxg8 22. Qg4+ Kf8 23. Qg7+ Ke8 24. Qxf7# 1-0

[Event "AUTO-MASTER-2602"]
[Site "http://www.queenalice.com/game.php?id=1521298"]
[Date "2018.3.26"]
[Round "2"]
[White "Geison"]
[Black "CCapivara"]
[Result "0-1"]
[WhiteElo "2106"]
[BlackElo "2255"]

1. Nf3 d5 2. Nc3 c5 3. d3 Nc6 4. Bg5 f6 5. Bh4 e5 6. e3 Be6 7. Be2 Qd7 8. O-O
O-O-O 9. a4 h5 10. h3 g5 11. Bg3 g4 12. hxg4 hxg4 13. Nh2 f5 14. a5 Bd6 15. f3
f4 16. Be1 g3 17. exf4 exf4 18. Bxg3 fxg3 19. Rf2 Rxh2 20. f4 Qh7 0-1

[Event "AUTO-MASTER-2602"]
[Site "http://www.queenalice.com/game.php?id=1521301"]
[Date "2018.3.26"]
[Round "2"]
[White "Donyelko"]
[Black "Geison"]
[Result "1-0"]
[WhiteElo "2003"]
[BlackElo "2097"]

1. d4 Nf6 2. c4 b6 3. Nc3 Ba6 4. e4 e6 5. a3 d5 6. e5 Ng8 7. Nf3 Ne7 8. Bg5 Bxc4
9. Bxc4 dxc4 10. Qa4+ c6 11. Qxc4 b5 12. Qd3 Qd7 13. O-O Nf5 14. g4 h6 15. Bd2
Ne7 16. Ne4 Ng6 17. h4 Be7 18. h5 Nf8 19. Kg2 c5 20. Qe2 c4 21. Be3 Nh7 22. Rad1
O-O 23. g5 Nxg5 24. Bxg5 Bxg5 25. Nfxg5 hxg5 26. Nxg5 f6 27. exf6 Rxf6 28. Qe4
Nc6 29. Qh7+ Kf8 30. Qh8+ Ke7 31. Qxg7+ Kd8 32. Qxf6+ Kc8 33. Qxe6 Qxe6 34. Nxe6
Kd7 35. Nc5+ Kd6 36. f4 Rg8+ 37. Kf3 Kd5 38. Rf2 Rh8 39. Rg2 a5 40. Rg5+ Kd6 41.
Re1 Nxd4+ 42. Kg4 b4 43. axb4 axb4 44. Rd1 c3 45. Rxd4+ Kc6 46. bxc3 bxc3 47.
Rc4 Kb5 48. Rxc3 Kb4 49. Re3 Rc8 50. Ne6 Rc1 51. Re4+ Ka3 52. Rb5 Rg1+ 53. Kf5
Rh1 54. Ng7 Rh2 55. Re7 Rxh5+ 56. Nxh5 Ka4 57. Rb8 1-0

[Event "AUTO-MASTER-2602"]
[Site "http://www.queenalice.com/game.php?id=1521302"]
[Date "2018.3.26"]
[Round "2"]
[White "Geison"]
[Black "Donyelko"]
[Result "1-0"]
[WhiteElo "2091"]
[BlackElo "2062"]

1. Nc3 c5 2. Nf3 Nc6 3. e4 d6 4. Bb5 Bd7 5. Ng5 e6 6. d3 a6 7. Qf3 f6 8. Bxc6
bxc6 9. Nh3 d5 10. O-O Bd6 11. Qg4 Qe7 12. Na4 c4 13. Nb6 Rb8 14. Be3 e5 15.
Nxd7 Qxd7 16. Qxd7+ Kxd7 17. exd5 cxd5 18. b3 c3 19. d4 exd4 20. Bxd4 Be5 21.
Rfd1 Kc6 22. f4 Bxd4+ 23. Rxd4 Rd8 24. Rad1 Ne7 25. R1d3 Rhe8 26. Rxc3+ Kd6 27.
Rb4 Ra8 28. Rb6+ Kd7 29. Rd3 Kc7 30. Rb4 Nc6 31. Ra4 d4 32. c3 Re3 33. Rxe3 dxe3
34. Re4 Rb8 35. Rxe3 Kd6 36. Nf2 Ne7 37. Nd3 Nd5 38. Rh3 h6 39. Rg3 Rb7 40. c4
Nc3 41. Nc1 Ne4 42. Rd3+ Kc5 43. Rd5+ Kb4 44. Nd3+ Ka3 45. Ra5# 1-0

[Event "AUTO-MASTER-2602"]
[Site "http://www.queenalice.com/game.php?id=1521303"]
[Date "2018.3.26"]
[Round "2"]
[White "josebaron"]
[Black "Geison"]
[Result "1-0"]
[WhiteElo "2067"]
[BlackElo "2077"]

1. e4 d5 2. exd5 Qxd5 3. Nc3 Qe5+ 4. Be2 Bg4 5. d4 Bxe2 6. Ngxe2 Qa5 7. O-O e6
8. d5 Nf6 9. dxe6 fxe6 10. Nf4 e5 11. Ne6 Nc6 12. h3 Nd8 13. Nxf8 Kxf8 14. Bg5
Kf7 15. Qf3 Ne6 16. Bxf6 gxf6 17. Ne4 Nf4 18. Rfd1 Qb5 19. b3 Rhg8 20. Ng3 b6
21. c4 Qe8 22. Rd2 Rd8 23. Rad1 Rxd2 24. Rxd2 a5 25. a4 h5 26. Nxh5 Rxg2+ 27.
Kh1 Rg5 28. Nxf4 exf4 29. Re2 Qd7 30. Kh2 Qd1 31. Re7+ Kxe7 32. Qxd1 c6 33. Qd4
b5 34. Qxf4 bxa4 35. Qc7+ Kf8 36. Qxc6 Kg7 37. Qxa4 Kg6 38. Qe8+ Kh6 39. f4 Rf5
40. Qh8+ Kg6 41. Qg8+ Kh6 42. Kg3 Rh5 43. h4 f5 44. c5 a4 45. c6 axb3 46. c7 b2
47. c8=Q Rg5+ 48. hxg5+ 1-0

[Event "AUTO-MASTER-2602"]
[Site "http://www.queenalice.com/game.php?id=1521304"]
[Date "2018.3.26"]
[Round "2"]
[White "Geison"]
[Black "josebaron"]
[Result "1-0"]
[WhiteElo "2105"]
[BlackElo "2005"]

1. e4 e5 2. Nc3 Nf6 3. Bc4 Be7 4. Nf3 d6 5. Ng5 O-O 6. O-O h6 7. Nf3 c5 8. d3
Nc6 9. Nh4 Bg4 10. f3 Bh5 11. Ne2 Nxe4 12. fxe4 Nd4 13. Nf3 Nxf3+ 14. gxf3 Bg5
15. Ng3 Bxc1 16. Qxc1 Bg6 17. Kh1 Kh7 18. f4 exf4 19. Rxf4 Qg5 20. Nf5 Bxf5 21.
Rxf5 Qxc1+ 22. Rxc1 f6 23. Bd5 a5 24. c3 Rab8 25. d4 cxd4 26. cxd4 b5 27. Rcf1
a4 28. e5 b4 29. exf6 g6 30. R5f3 Rb5 31. Bc4 Rg5 32. Bd3 d5 33. Bb5 b3 34. axb3
axb3 35. Rxb3 Rf5 36. Rbf3 R8xf6 37. Rxf5 gxf5 38. Bd3 Kg6 39. b4 Kg5 40. b5 h5
41. Rb1 Rb6 42. h3 Kf4 43. Bf1 Ke3 44. Rd1 h4 45. Kg2 Rg6+ 46. Kh2 f4 47. Rb1
Rb6 48. Kg2 Rg6+ 49. Kh1 Rb6 50. Rb3+ Kxd4 51. Kg2 Rg6+ 52. Kf2 Kc5 53. b6 Rg3
54. Rxg3 fxg3+ 55. Kf3 Kxb6 56. Kg4 d4 57. Kxh4 d3 58. Kxg3 d2 59. Be2 Kc6 60.
Kg4 Kd6 61. Kg5 Ke7 62. Kg6 1-0

[Event "Challenge"]
[Site "http://www.queenalice.com/game.php?id=1531016"]
[Date "2018.6.14"]
[Round "-"]
[White "Lapoule"]
[Black "Geison"]
[Result "1-0"]
[WhiteElo "1964"]
[BlackElo "2075"]

1. e4 Nc6 2. d4 d5 3. e5 f6 4. Bb5 Bd7 5. Nf3 a6 6. Bxc6 Bxc6 7. O-O Bb5 8. Re1
e6 9. exf6 Qxf6 10. Ng5 Bd7 11. Nc3 Bd6 12. Nxd5 Qh6 13. g3 Qg6 14. Qf3 O-O-O
15. Nf7 exd5 16. Nxh8 Qxc2 17. Nf7 Re8 18. Rxe8+ Bxe8 19. Nxd6+ cxd6 20. Bg5
Qxb2 21. Rc1+ Kb8 22. Qxd5 Nf6 23. Qxd6+ Ka7 24. Qc7 Ne4 25. Be3 Nxf2 26. d5+
Ka8 27. Qc8# 1-0

[Event "Challenge"]
[Site "http://www.queenalice.com/game.php?id=1531017"]
[Date "2018.6.14"]
[Round "-"]
[White "Geison"]
[Black "Lapoule"]
[Result "1-0"]
[WhiteElo "2061"]
[BlackElo "1999"]

1. e4 e6 2. c3 d5 3. e5 a6 4. d4 c5 5. Nf3 h6 6. Bd3 Nd7 7. O-O f5 8. exf6 Qxf6
9. Re1 Bd6 10. Re3 Nb6 11. Qe2 Bd7 12. b3 Nc8 13. Nbd2 Bf4 14. Rxe6+ Bxe6 15. c4
Nge7 16. Bb2 cxd4 17. Bxd4 Qf7 18. g3 Bxd2 19. Ne5 Qg8 20. Qxd2 a5 21. Re1 Kd8
22. Bc5 Qe8 23. cxd5 Nxd5 24. Ng6 Rg8 25. Bf5 Ra6 26. Nf4 Qc6 27. Nxe6+ Ke8 28.
Nd4+ Nce7 29. Nxc6 bxc6 30. Rxe7+ Kd8 31. Rd7+ Kc8 32. Ra7+ Kb8 33. Rxa6 Kb7 34.
Qxa5 Rb8 35. Ra7# 1-0

[Event "AUTO-MASTER-2861"]
[Site "http://www.queenalice.com/game.php?id=1577006"]
[Date "2019.7.11"]
[Round "1"]
[White "ALDROB"]
[Black "Geison"]
[Result "1/2-1/2"]
[WhiteElo "2016"]
[BlackElo "2086"]

1. d4 Nf6 2. c4 Nc6 3. d5 Nb4 4. a3 Na6 5. Nc3 c6 6. e4 Qa5 7. Bd2 Qb6 8. Qc2
Ng4 9. Nh3 e6 10. Bf4 e5 11. Bg3 Bc5 12. b4 Bd4 13. Na4 Qd8 14. Rd1 O-O 15. Be2
d6 16. O-O f5 17. exf5 Bxf5 18. Qb3 c5 19. b5 Nb8 20. Kh1 h5 21. f3 Ne3 22. f4
Bxh3 23. gxh3 e4 24. Qb1 Nxf1 25. Rxf1 h4 26. Be1 e3 27. Bg4 Qe7 28. Be6+ Kh8
29. Qg6 Qf6 30. Qe4 a6 31. Nb6 Ra7 32. Nc8 Ra8 33. Nb6 Ra7 34. Nc8 Ra8 35. Nb6
Ra7 36. Nc8 Ra8 1/2-1/2

[Event "AUTO-MASTER-2861"]
[Site "http://www.queenalice.com/game.php?id=1577007"]
[Date "2019.7.11"]
[Round "1"]
[White "Geison"]
[Black "ALDROB"]
[Result "1-0"]
[WhiteElo "2070"]
[BlackElo "2030"]

1. e4 c5 2. Nf3 d6 3. Bb5+ Nd7 4. d3 Nf6 5. Ng5 h6 6. Nh3 e5 7. c3 Be7 8. O-O
O-O 9. Nd2 a6 10. Bc4 b5 11. Bb3 Bb7 12. Nf3 Nb6 13. Nh4 Nxe4 14. Ng6 c4 15.
Nxf8 cxb3 16. Ne6 fxe6 17. dxe4 bxa2 18. Qg4 Qd7 19. Bxh6 Bf6 20. f4 Bxe4 21.
fxe5 Bxg2 22. Qxg2 dxe5 23. Rxf6 Rd8 24. Nf2 Nc4 25. Rg6 1-0

[Event "AUTO-MASTER-2861"]
[Site "http://www.queenalice.com/game.php?id=1577024"]
[Date "2019.7.11"]
[Round "1"]
[White "Geison"]
[Black "avieytoa"]
[Result "1-0"]
[WhiteElo "2084"]
[BlackElo "1601"]

1. Nf3 a5 2. c3 b5 3. e4 c5 4. Bxb5 e6 5. d3 Nf6 6. Bg5 h6 7. Bh4 Be7 8. Ne5 O-O
9. O-O d6 10. Nc4 e5 11. Nba3 Bg4 12. f3 Bd7 13. Bxf6 Bxf6 14. Nxd6 Qb6 15. Nac4
Qc7 16. Bxd7 Qxd7 17. Nf5 Ra6 18. f4 exf4 19. Qg4 Bg5 20. h4 Rg6 21. hxg5 Rxg5
22. Qxf4 Qxd3 23. Ne5 Qd8 24. Rf3 f6 25. Ng4 Kh7 26. Ngxh6 gxh6 27. Rh3 h5 28.
Kf2 Kg6 29. Rah1 Rh8 30. Nh4+ Kf7 31. Nf3 Rg4 32. Ne5+ 1-0

[Event "AUTO-MASTER-2861"]
[Site "http://www.queenalice.com/game.php?id=1577026"]
[Date "2019.7.11"]
[Round "1"]
[White "Geison"]
[Black "A2019"]
[Result "0-1"]
[WhiteElo "2069"]
[BlackElo "2258"]

1. e4 g6 2. Nf3 d6 3. d4 Bg4 4. Bc4 Nf6 5. Nbd2 Nc6 6. c3 Bg7 7. Bb5 O-O 8. Bxc6
bxc6 9. O-O a5 10. Qe1 a4 11. h3 Bc8 12. e5 Nd5 13. Ne4 a3 14. bxa3 Bf5 15. Neg5
h6 16. c4 Nb6 17. c5 hxg5 18. cxb6 Bd3 19. bxc7 Qxc7 20. Nxg5 Bxf1 21. Kxf1 dxe5
22. f3 Rfd8 23. dxe5 Qxe5 24. Qxe5 Bxe5 25. Rb1 Rd1+ 26. Ke2 Rad8 27. Ne4 f5 28.
Nf2 R8d2+ 29. Bxd2 Rxb1 30. Nd3 Bd6 31. a4 Ra1 32. a5 Rxa2 33. g4 c5 34. gxf5 c4
35. Nc1 Rb2 36. fxg6 c3 0-1

[Event "AUTO-MASTER-2861"]
[Site "http://www.queenalice.com/game.php?id=1577027"]
[Date "2019.7.11"]
[Round "1"]
[White "A2019"]
[Black "Geison"]
[Result "1-0"]
[WhiteElo "2245"]
[BlackElo "2078"]

1. e3 Nf6 2. b3 e5 3. Bb2 Nc6 4. Bb5 d6 5. Nf3 Bd7 6. d4 e4 7. d5 exf3 8. dxc6
bxc6 9. Bf1 fxg2 10. Bxg2 d5 11. Nd2 Bb4 12. a3 Ba5 13. b4 Bb6 14. O-O Rb8 15.
c4 Be6 16. c5 Bxc5 17. Bxf6 Qxf6 18. bxc5 Qg5 19. Kh1 O-O 20. Nf3 Qh6 21. Qd4 f6
22. Qa4 Bh3 23. Bxh3 Qxh3 24. Qf4 Rb5 25. Rac1 Ra5 26. Rg1 Rxa3 27. Rg3 Qd7 28.
Nd4 Ra4 29. Rcg1 g6 30. Rxg6+ hxg6 31. Rxg6+ Kh8 32. Qh6+ Qh7 33. Qxf8+ 1-0

[Event "AUTO-OPEN-4076"]
[Site "http://www.queenalice.com/game.php?id=1577108"]
[Date "2019.7.12"]
[Round "1"]
[White "Geison"]
[Black "Ahlkhanvio"]
[Result "0-1"]
[WhiteElo "2059"]
[BlackElo "2519"]

1. e4 d5 2. e5 c5 3. d4 cxd4 4. Qxd4 Nc6 5. Bb5 Bd7 6. Qxd5 e6 7. Qe4 Qa5+ 8.
Nc3 Bb4 9. Ne2 Qxb5 10. Bf4 Bxc3+ 11. bxc3 Nge7 12. O-O Qd5 13. Qe3 Nf5 14. Qd3
Qxd3 15. cxd3 Nce7 16. Bg5 h6 17. Bxe7 Nxe7 18. Rab1 Bc6 19. Nf4 Nd5 20. Ne2 O-O
21. c4 Ne7 22. h3 Rfd8 23. d4 Rac8 24. Nf4 Rxd4 25. Nh5 Be4 26. Rbe1 Bg6 27. Ng3
Rcxc4 28. Re3 Nf5 29. Nxf5 Bxf5 30. Rfe1 Re4 31. Rxe4 Rxe4 32. Rb1 b6 33. Rb5
Re1+ 34. Kh2 Re2 35. g4 Bd3 36. Rb3 Bc4 37. Rg3 Rxf2+ 38. Kg1 Rxa2 39. g5 hxg5
40. Rxg5 b5 41. h4 b4 42. Rg4 b3 43. Rxc4 b2 0-1

[Event "AUTO-OPEN-4076"]
[Site "http://www.queenalice.com/game.php?id=1577109"]
[Date "2019.7.12"]
[Round "1"]
[White "Ahlkhanvio"]
[Black "Geison"]
[Result "1-0"]
[WhiteElo "2512"]
[BlackElo "2080"]

1. d4 c6 2. c4 e6 3. Nc3 Nf6 4. Nf3 a6 5. e4 Bb4 6. e5 Ne4 7. Qc2 d5 8. exd6
Nxd6 9. a3 Ba5 10. Bd3 Nd7 11. O-O O-O 12. Bxh7+ Kh8 13. Bd3 Nf6 14. Bg5 g6 15.
Rae1 Nde8 16. Ne5 Bxc3 17. bxc3 Qd6 18. Re3 Nh5 19. Bxg6 Qc7 20. Bxh5 Nd6 21.
Bf6+ Kg8 22. Rg3# 1-0

[Event "AUTO-OPEN-4076"]
[Site "http://www.queenalice.com/game.php?id=1577112"]
[Date "2019.7.12"]
[Round "1"]
[White "Geison"]
[Black "RaulSoft"]
[Result "0-1"]
[WhiteElo "2061"]
[BlackElo "2429"]

1. Nc3 e5 2. d4 exd4 3. Qxd4 Nc6 4. Qe4+ Qe7 5. e3 Qxe4 6. Nxe4 Nb4 7. Bd3 d5 8.
Ng3 Bd6 9. N1e2 Bd7 10. O-O O-O-O 11. e4 Nxd3 12. cxd3 Bb5 13. Rd1 dxe4 14. Nxe4
Be7 15. Bg5 Bxd3 16. N2c3 h6 17. Be3 Nf6 18. Nxf6 Bxf6 19. Bxa7 b6 20. Na4 Kb7
21. Rac1 Bc2 22. Rxd8 Rxd8 23. Bxb6 cxb6 24. Nc3 Rd2 25. h3 Bd4 26. Rf1 Bd3 27.
Rc1 Rxf2 28. Kh1 Bf1 29. Rxf1 Rxf1+ 30. Kh2 Be5+ 31. g3 Rf2+ 32. Kg1 Rxb2 33.
Nd5 Bxg3 34. Ne7 Rb5 35. a4 Ra5 36. Kg2 Bd6 37. Ng8 Rxa4 38. Kf3 Ra8 39. Nxh6
gxh6 40. Kg4 b5 41. h4 b4 42. Kf5 Be7 0-1

[Event "AUTO-OPEN-4076"]
[Site "http://www.queenalice.com/game.php?id=1577113"]
[Date "2019.7.12"]
[Round "1"]
[White "RaulSoft"]
[Black "Geison"]
[Result "1-0"]
[WhiteElo "2410"]
[BlackElo "2083"]

1. d4 e6 2. e4 Nc6 3. c3 d5 4. e5 Nge7 5. Nf3 Nf5 6. Bd3 a6 7. O-O b5 8. Bg5 Be7
9. Bxe7 Ncxe7 10. Nbd2 O-O 11. Nb3 Qd7 12. a4 c6 13. Nc5 Qc7 14. axb5 cxb5 15.
Bxb5 Qb6 16. Bd3 Qxb2 17. g4 Nh6 18. Bxh7+ Kxh7 19. Qd3+ Kg8 20. Ng5 g6 21. Rfb1
Qxb1+ 22. Rxb1 Nxg4 23. Qh3 Rd8 24. Qh7+ Kf8 25. Qxf7# 1-0